000 00379nam a2200133Ia 4500
008 240112s1976(JULY-DEC) xx 000 0 und d
041 _aeng
082 _a543.705
100 _aKING J.S.
245 _aCLINICAL CHEMISTRY :JOURNAL OF THE AMERICAN ASS.OF THE CLINICAL CHEMISTS
260 _bPAUL B.HARPER
_c1976(JULY-DEC)
300 _a2110,HB
_c(7-12)
440 _v22
999 _c1140809
_d1140809